[Event "Mechanics' Neil Falconer TNM; 30/90, SD"]
[Site "San Francisco"]
[Date "2013.08.27"]
[Round "4.17"]
[White "Hack, Richard"]
[Black "Uzzaman, Ashik"]
[Result "0-1"]
[WhiteElo "1567"]
[BlackElo "1908"]
[PlyCount "68"]
[EventDate "2013.??.??"]

1. e4 c5 2. Nf3 g6 3. d4 cxd4 4. Nxd4 Nc6 5. c4 Bg7 6. Be3 d6 7. Nc3 Nf6 8. Qd2
Ng4 9. Nxc6 bxc6 10. Bd4 e5 11. Be3 Nxe3 12. Qxe3 O-O 13. Be2 f5 14. O-O Qe7
15. Bf3 f4 16. Qe2 Be6 17. Rad1 Rad8 18. b3 Rf6 19. Rd3 Bf8 20. Rfd1 Bc8 21. c5
Ba6 22. Qd2 Bxd3 23. Qxd3 Qf7 24. Qa6 Qc7 25. Qc4+ Kg7 26. b4 dxc5 27. bxc5
Rxd1+ 28. Bxd1 Qa5 29. Bb3 Qxc5 30. Qg8+ Kh6 31. Ne2 Qb4 32. Kf1 Qxe4 33. Bd1
Qd3 34. Ke1 Bb4+ 0-1

[Event "Mechanics' Neil Falconer TNM; 30/90, SD"]
[Site "San Francisco"]
[Date "2013.08.13"]
[Round "2.5"]
[White "Hakobyan, Sos"]
[Black "Byambaa, Uyanga"]
[Result "0-1"]
[WhiteElo "1844"]
[BlackElo "2091"]
[PlyCount "52"]
[EventDate "2013.??.??"]

1. e4 c5 2. Nf3 d6 3. d4 cxd4 4. Qxd4 Nf6 5. Nc3 a6 6. Be3 Nc6 7. Qd2 g6 8.
O-O-O Ng4 9. h3 Nxe3 10. fxe3 Bg7 11. Bc4 O-O 12. Rhf1 Bd7 13. Rf2 b5 14. Bd5
Rc8 15. Rdf1 h6 16. Ne2 e6 17. Bb3 Qc7 18. Rd1 Na5 19. c3 Bc6 20. Ned4 Bxe4 21.
Bxe6 fxe6 22. Nxe6 Qc4 23. Qxd6 Qxa2 24. Rd3 Bxd3 25. Nxf8 Qb1+ 26. Kd2 Nb3#
0-1

[Event "Mechanics' Fall TNM; 30/90, SD/30"]
[Site "San Francisco"]
[Date "2013.11.19"]
[Round "5.30"]
[White "Hakobyan, Sos"]
[Black "Chea, Na"]
[Result "1-0"]
[WhiteElo "1812"]
[BlackElo "1434"]
[PlyCount "25"]
[EventDate "2013.??.??"]

1. e4 c5 2. Nf3 e6 3. d3 Nc6 4. g3 Nge7 5. a4 a5 6. c3 Ng6 7. h4 Be7 8. Qe2 e5
9. Na3 d5 10. exd5 Qxd5 11. h5 Nf8 12. Nb5 Bg4 $4 13. Nc7+ 1-0

[Event "Mechanics' Neil Falconer TNM; 30/90, SD"]
[Site "San Francisco"]
[Date "2013.09.10"]
[Round "6.6"]
[White "Hakobyan, Sos"]
[Black "Chen, Mingson"]
[Result "0-1"]
[WhiteElo "1844"]
[BlackElo "1900"]
[PlyCount "104"]
[EventDate "2013.??.??"]

1. e4 e5 2. Nf3 Nc6 3. Bc4 Bc5 4. c3 Nf6 5. d3 a6 6. b4 Ba7 7. Nbd2 d6 8. h3
Ne7 9. Qb3 O-O 10. Qd1 c6 11. Bb3 Ng6 12. Nf1 Be6 13. Bc2 h6 14. Be3 Nf4 15.
Bxf4 exf4 16. Qd2 g5 17. N1h2 Nd7 18. Ng4 Kg7 19. c4 f6 20. a4 b5 21. cxb5 cxb5
22. axb5 axb5 23. O-O Ne5 24. Ngxe5 fxe5 25. Qc3 Qf6 26. Qc7+ Rf7 27. Qxd6 Bb8
28. Qc6 Rxa1 29. Rxa1 Bd7 30. Qxf6+ Rxf6 31. Bb3 Rc6 32. Ra8 Bd6 33. Ra7 Rc7
34. Rxc7 Bxc7 35. Ne1 Kf6 36. Kf1 h5 37. Ke2 Bd6 38. Nc2 g4 39. hxg4 hxg4 40.
Kd2 Bc7 41. g3 Bb6 42. Ke2 Bc7 43. gxf4 exf4 44. Bd5 g3 45. fxg3 fxg3 46. d4
Bg4+ 47. Ke3 Bd1 48. e5+ Bxe5 49. Ne1 Bd6 50. Nd3 Kg5 51. Nc5 Bf4+ 52. Kd3 Kg4
0-1

[Event "Mechanics' Winter TNM; 30/90, SD/30"]
[Site "San Francisco"]
[Date "2013.02.19"]
[Round "7.24"]
[White "Hakobyan, Sos"]
[Black "Donnelly, Patrick"]
[Result "1-0"]
[WhiteElo "1822"]
[BlackElo "1643"]
[PlyCount "39"]
[EventDate "2013.??.??"]

1. e4 c5 2. Nf3 d6 3. d4 cxd4 4. Qxd4 Nc6 5. Bb5 Bd7 6. Bxc6 Bxc6 7. Nc3 Nf6 8.
Bg5 e5 9. Qd3 Qb6 10. Bxf6 gxf6 11. O-O Qxb2 12. Rab1 Qa3 13. Rb3 Qa5 14. Rfb1
Rg8 15. Nd2 f5 16. f3 f4 17. Nd5 Bxd5 18. exd5 Qc5+ 19. Kf1 b6 20. Ne4 1-0

[Event "Mechanics' Neil Falconer TNM; 30/90, SD"]
[Site "San Francisco"]
[Date "2013.08.27"]
[Round "4.8"]
[White "Hakobyan, Sos"]
[Black "Doyle, Bryon"]
[Result "1/2-1/2"]
[WhiteElo "1844"]
[BlackElo "2046"]
[Annotator "Donaldson"]
[PlyCount "94"]
[EventDate "2013.??.??"]

1. e4 e5 2. Nf3 Nc6 3. Bc4 Nf6 4. d4 exd4 5. O-O Nxe4 6. Re1 d5 7. Bg5 Be7 8.
Bxe7 Nxe7 9. Qxd4 O-O 10. Bxd5 Qxd5 11. Qxd5 Nxd5 12. Rxe4 c6 13. c4 Nf6 14.
Re3 Be6 15. b3 Rfd8 16. Nbd2 Rd7 17. Ne4 Nxe4 18. Rxe4 Rad8 19. h3 h6 20. Rae1
Rd1 21. Kh2 Kf8 22. Rxd1 Rxd1 23. Rd4 Rxd4 24. Nxd4 Ke7 25. Kg3 Bd7 26. c5 b6
27. b4 bxc5 28. bxc5 g5 29. f4 Kf6 30. a3 a5 31. a4 Ke7 32. Kf3 Kf6 33. Ke4
gxf4 34. Kxf4 h5 35. h4 Bg4 36. Nxc6 Bd1 37. Nxa5 Bxa4 38. c6 Ke6 39. g4 hxg4
40. h5 f5 41. c7 Bd7 42. Nc4 Kf6 43. Ne3 (43. Nb6 $1 Be6 44. h6 Kg6 (44... g3
45. Kxg3 f4+ 46. Kxf4 Kg6 47. Ke5 Bh3 48. Kd6 Kxh6 49. Nd7 $18) 45. Ke5 $18)
43... Bc8 44. Nd5+ Kg7 45. Ne7 Bd7 46. Nxf5+ Kf6 47. h6 (47. Ne3 $18) 47... Kg6
({White was still winning:} 47... Kg6 48. Ke5 Kh7 (48... Bxf5 49. h7 $18) 49.
Kf6 Bc8 50. Kg5 Bd7 51. Kxg4 Kg6 52. Kf4) 1/2-1/2

[Event "Mechanics' Winter TNM; 30/90, SD/30"]
[Site "San Francisco"]
[Date "2013.01.22"]
[Round "3.10"]
[White "Hakobyan, Sos"]
[Black "Gaffagan, Steven"]
[Result "0-1"]
[WhiteElo "1822"]
[BlackElo "2094"]
[PlyCount "101"]
[EventDate "2013.??.??"]

1. e4 c5 2. c3 Nf6 3. d3 Nc6 4. a4 d5 5. Nd2 e5 6. g3 Be7 7. Bg2 O-O 8. Ngf3
Re8 9. O-O Bf8 10. Re1 d4 11. Nf1 a6 12. h4 Rb8 13. Bg5 b5 14. axb5 axb5 15.
Re2 h6 16. Bxf6 Qxf6 17. cxd4 cxd4 18. N1h2 Nb4 19. g4 Be6 20. g5 Qf4 21. Qd2
Qxd2 22. Rxd2 Bd6 23. Bf1 Rec8 24. Kg2 Ra8 25. Rxa8 Rxa8 26. Kg3 h5 27. Bh3 Bb3
28. Ne1 Ra1 29. Nhf3 Kf8 30. Bd7 Ra5 31. Ng2 Ke7 32. Bc8 Ra8 33. Bh3 Ra2 34.
Nfe1 Na6 35. f4 f6 36. gxf6+ gxf6 37. fxe5 Bxe5+ 38. Nf4 Nc5 39. Kf3 Ra1 40.
Ng6+ Kd6 41. Nxe5 Kxe5 42. Ke2 Kf4 43. Bf5 Kg3 44. Bg6 Ne6 45. Be8 b4 46. Kf1
Nf4 47. Bb5 Kxh4 48. Bc4 Ba4 49. b3 Bd7 50. Kf2 Nh3+ 51. Kf1 0-1

[Event "Mechanics' Neil Falconer TNM; 30/90, SD"]
[Site "San Francisco"]
[Date "2013.09.17"]
[Round "7.11"]
[White "Hakobyan, Sos"]
[Black "Handigol, Abhishek"]
[Result "0-1"]
[WhiteElo "1844"]
[BlackElo "2008"]
[PlyCount "48"]
[EventDate "2013.??.??"]

1. e4 e5 2. Nf3 d5 3. exd5 Bd6 4. Nc3 Nf6 5. d3 h6 6. h3 O-O 7. Be2 Nbd7 8. g4
Bb4 9. Bd2 Bxc3 10. Bxc3 Nxd5 11. Qd2 Qe7 12. O-O-O b5 13. a3 c5 14. b4 a5 15.
bxc5 b4 16. axb4 axb4 17. Bb2 Nxc5 18. Qe1 Na4 19. Bf1 Nxb2 20. Kxb2 Nc3 21.
Ra1 Rxa1 22. Qxa1 Bb7 23. Qa5 Bxf3 24. Rg1 Ra8 0-1

[Event "Mechanics' Spring TNM; 30/90, SD/30"]
[Site "San Francisco"]
[Date "2013.04.02"]
[Round "3.25"]
[White "Hakobyan, Sos"]
[Black "James, Charles"]
[Result "1-0"]
[WhiteElo "1791"]
[BlackElo "1535"]
[PlyCount "65"]
[EventDate "2013.??.??"]

1. a4 e5 2. c3 Nf6 3. Na3 d5 4. h3 Be6 5. Nf3 Nbd7 6. e3 c5 7. g4 Ne4 8. Bg2
Be7 9. d3 Nd6 10. Qc2 O-O 11. e4 d4 12. c4 a6 13. Nb1 Rc8 14. a5 f6 15. Nbd2
Qe8 16. Nf1 Qf7 17. Ng3 Nxc4 $5 18. dxc4 Bxc4 19. Nd2 (19. Nf5) 19... Bb5 20.
Nf5 c4 21. O-O Bb4 22. Rd1 d3 (22... Rfd8) 23. Qb1 Nc5 (23... Rfd8) 24. Nd6 Qe6
25. Nxc8 Rxc8 26. Nf1 Nb3 27. Ra2 c3 $2 (27... Bxa5 {
idea ...Bb4 and ...Nd4 with very interesting compensation for the rook.}) 28.
bxc3 Rxc3 29. Bd2 Nxd2 30. Qxb4 Rc2 31. Ra3 Nc4 32. Raxd3 Nb2 33. Rd8+ 1-0

[Event "Mechanics' Summer TNM; 30/90, SD/30"]
[Site "San Francisco"]
[Date "2013.07.02"]
[Round "6.22"]
[White "Hakobyan, Sos"]
[Black "Montoya, Daniel"]
[Result "1/2-1/2"]
[WhiteElo "1765"]
[BlackElo "1570"]
[Annotator "Doe,John"]
[PlyCount "92"]
[EventDate "2013.??.??"]

1. e4 e6 2. d4 d5 3. Nc3 Nc6 4. e5 Qe7 5. Nf3 f6 6. exf6 gxf6 7. Bb5 Bd7 8.
Bxc6 Bxc6 9. a3 O-O-O 10. b4 e5 11. Qe2 Qg7 12. Be3 e4 13. Nh4 Ne7 14. g3 Bd7
15. h3 Nf5 16. Nxf5 Bxf5 17. Na4 Bd7 18. Nc3 Qf7 19. Kd2 Bd6 20. Nb5 Bxb5 21.
Qxb5 f5 22. Qe2 f4 23. gxf4 Rhf8 24. f5 Qxf5 25. Qg4 Kb8 26. Qxf5 Rxf5 27. Rhg1
Rdf8 28. Ke2 R5f7 29. Rg2 Kc8 30. Rag1 Rf3 31. Rg8 Kd7 32. Rxf8 Bxf8 33. Rg3
Rf7 34. h4 a5 35. c3 a4 36. f3 exf3+ 37. Rxf3 Rxf3 38. Kxf3 Kc6 39. Ke2 Kb5 40.
Kd3 b6 41. h5 c5 42. dxc5 bxc5 43. bxc5 Be7 44. Bf2 Bg5 45. Kc2 Be7 46. Kd3 Bg5
1/2-1/2

[Event "Mechanics' Summer TNM; 30/90, SD/30"]
[Site "San Francisco"]
[Date "2013.06.18"]
[Round "4.30"]
[White "Hakobyan, Sos"]
[Black "Morgan, Jerry"]
[Result "1-0"]
[WhiteElo "1765"]
[BlackElo "1575"]
[PlyCount "113"]
[EventDate "2013.??.??"]

1. e4 c6 2. Qe2 d5 3. e5 Bf5 4. d3 e6 5. h4 Nd7 6. g4 Ne7 7. gxf5 Nxf5 8. Nf3
Qb6 9. Bh3 Nd4 10. Nxd4 Qxd4 11. f4 Nc5 12. a4 Qb4+ 13. Qd2 Qb6 14. b4 Na6 15.
a5 Qxb4 16. Qxb4 Nxb4 17. Rh2 Be7 18. Bg4 d4 19. Ba3 Bxh4+ 20. Kd1 Be7 21. Bxb4
Bxb4 22. Nd2 Bxd2 23. Kxd2 g6 24. Rh6 Kf8 25. Bf3 Rc8 26. Ra4 Kg7 27. Rh1 Rhd8
28. Rc4 a6 29. Rb4 Rc7 30. Rhb1 Rdd7 31. Ke2 h5 32. Bg2 g5 33. Rh1 Kh6 34.
fxg5+ Kxg5 35. Rbb1 Rd8 36. Be4 Rh8 37. Kf3 f5 38. exf6 Kxf6 39. Rhg1 Rf7 40.
Rb4 e5 41. Ke2 Ke6 42. Rg6+ Rf6 43. Rxf6+ Kxf6 44. Rxb7 h4 45. Rh7 Rxh7 46.
Bxh7 Ke6 47. Bg8+ Kd6 48. Bc4 Kc5 49. Bxa6 Kb4 50. Bb7 Kxa5 51. Bxc6 Kb4 52.
Kf3 Kc3 53. Ba4 Kd2 54. Ke4 h3 55. Kxe5 h2 56. Bc6 Kc3 57. Bg2 1-0

[Event "Mechanics' Winter TNM; 30/90, SD/30"]
[Site "San Francisco"]
[Date "2013.02.26"]
[Round "8.19"]
[White "Hakobyan, Sos"]
[Black "Nelson, Christopher"]
[Result "0-1"]
[WhiteElo "1822"]
[BlackElo "1513"]
[PlyCount "84"]
[EventDate "2013.??.??"]

1. e4 c5 2. Nf3 d6 3. d3 Nc6 4. g3 g6 5. Bg2 Bg7 6. O-O Nf6 7. a4 O-O 8. c3 a6
9. Re1 Qc7 10. Nbd2 Rd8 11. Nf1 d5 12. e5 Nd7 13. d4 cxd4 14. cxd4 Nb4 15. Bf4
Qc2 16. Qe2 Qxe2 17. Rxe2 Nd3 18. Bd2 Nxb2 19. Bb4 Nc4 20. Bxe7 Re8 21. Bg5 h6
22. Be3 Nf8 23. N3d2 Nxd2 24. Bxd2 Be6 25. Ne3 Red8 26. Ba5 Rd7 27. Rc2 Nh7 28.
Rac1 Ng5 29. Rc8+ Rxc8 30. Rxc8+ Kh7 31. Kf1 f6 32. f4 fxe5 33. fxg5 Rf7+ 34.
Ke2 Bxc8 35. gxh6 Bxh6 36. Bxd5 Re7 37. Kd3 exd4 38. Nc4 b5 39. axb5 axb5 40.
Nb6 Bf5+ 41. Kxd4 Be3+ 42. Kc3 Ra7 0-1

[Event "Mechanics' Spring TNM; 30/90, SD/30"]
[Site "San Francisco"]
[Date "2013.04.16"]
[Round "5.23"]
[White "Hakobyan, Sos"]
[Black "Rosenstein, Perry"]
[Result "1-0"]
[WhiteElo "1791"]
[BlackElo "1513"]
[PlyCount "63"]
[EventDate "2013.??.??"]

1. h4 e5 2. a4 d5 3. Na3 Nf6 4. c3 c5 5. d3 Nc6 6. Bg5 Be7 7. Bxf6 Bxf6 8. g3
Bf5 9. Bg2 a6 10. Qb3 Qe7 11. Bxd5 O-O 12. Qd1 e4 13. Bxe4 Bxe4 14. dxe4 Qxe4
15. f3 Qe5 16. Kf2 Rfe8 17. e4 Rad8 18. Qc2 Na5 19. Ne2 c4 20. Rad1 Qc5+ 21.
Kg2 Nb3 22. Nf4 Be5 23. Rd5 Qe3 24. Nxc4 Rxd5 25. Nxd5 Nd4 26. Ncxe3 Nxc2 27.
Nxc2 b5 28. axb5 axb5 29. Ra1 Rd8 30. Nce3 g6 31. Ra5 Rb8 32. Ne7+ 1-0

[Event "Mechanics' Fall TNM; 30/90, SD/30"]
[Site "San Francisco"]
[Date "2013.12.17"]
[Round "9.7"]
[White "Hakobyan, Sos"]
[Black "Sarafian, Greg"]
[Result "1-0"]
[WhiteElo "1812"]
[BlackElo "1827"]
[PlyCount "82"]
[EventDate "2013.??.??"]

1. e4 e5 2. Nf3 Nc6 3. Bc4 Nf6 4. d4 exd4 5. O-O Be7 6. e5 Ne4 7. Bd5 Nc5 8.
Bxc6 dxc6 9. Qxd4 Bf5 10. c3 Ne6 11. Qxd8+ Rxd8 12. Be3 c5 13. Na3 a6 14. h3 h5
15. h4 O-O 16. g3 Rd3 17. Nc4 Rfd8 18. Na5 Be4 19. Ne1 R3d7 20. a3 b6 21. f3
Ba8 22. Nb3 Bd5 23. Nd2 Bc6 24. Rf2 g6 25. Nc2 Ng7 26. Nf1 Nf5 27. Re1 Rd3 28.
Ree2 Rd1 29. Kg2 Ba4 30. Bf4 Rb1 31. Nce3 Nxe3+ 32. Nxe3 b5 33. Rd2 Rxd2 34.
Rxd2 b4 35. axb4 cxb4 36. Nd5 Bc5 37. cxb4 Ba7 38. Bg5 Rd1 39. Nxc7 Rxd2+ 40.
Bxd2 Bb8 41. Nxa6 Bxe5 1-0

[Event "Mechanics' Spring TNM; 30/90, SD/30"]
[Site "San Francisco"]
[Date "2013.05.07"]
[Round "8.12"]
[White "Hakobyan, Sos"]
[Black "Uzzaman, Ashik"]
[Result "1/2-1/2"]
[WhiteElo "1791"]
[BlackElo "1987"]
[Annotator "Donaldson"]
[PlyCount "107"]
[EventDate "2013.??.??"]

1. Nf3 c5 2. c3 Nf6 3. d4 e6 4. g3 Nc6 5. Bg2 d5 6. O-O Bd6 7. Re1 O-O 8. Bg5
h6 9. Be3 c4 10. Nbd2 b5 11. b4 Bd7 12. a4 a6 13. a5 Ng4 14. Nf1 f5 15. h3 Nf6
16. Qc1 Qe7 17. Nh4 Be8 18. Nf3 Ne4 19. Bd2 Rc8 20. N3h2 Bh5 21. Bf3 Qf7 22.
Bg2 Bxb4 23. cxb4 Nxd4 24. Qd1 Nxd2 25. Nxd2 f4 26. g4 Bg6 27. Nhf3 Nc2 28. Ne5
Qe8 29. Nxg6 Qxg6 30. Be4 dxe4 31. Qxc2 c3 32. Nb1 Qf6 33. Ra3 Qh4 34. Qxe4
Qxh3 35. Qg2 Qxg2+ 36. Kxg2 c2 37. Nc3 Rfd8 38. Rc1 Rd2 39. Kf3 g5 40. Na2 Rd4
41. Rd3 e5 42. Rxd4 exd4 43. Ke4 Kf7 44. Kxd4 Ke6 45. Kd3 Ke5 46. Kd2 f3 47. e3
Rc4 48. Rxc2 Rxg4 49. Rc5+ Kd6 50. Rf5 Rg2 51. Rxf3 g4 52. Rf4 g3 53. Ke2 h5
54. Kf1 {
a strange position to agree to a draw in as White is completely winning.}
1/2-1/2

[Event "Mechanics' Winter TNM; 30/90, SD/30"]
[Site "San Francisco"]
[Date "2013.01.29"]
[Round "4.6"]
[White "Hakobyan, Sos"]
[Black "Winslow, Elliott"]
[Result "0-1"]
[WhiteElo "1822"]
[BlackElo "2319"]
[PlyCount "74"]
[EventDate "2013.??.??"]

1. Nf3 d5 2. d3 c5 3. a4 $146 Nc6 4. c3 e5 5. Nbd2 Nge7 6. e4 f6 7. g3 Be6 8.
Bg2 Qd7 9. a5 O-O-O 10. Qe2 d4 11. c4 Kb8 12. h4 Nc8 13. Nf1 Nb4 14. N1h2 Bxc4
15. dxc4 d3 16. Qd1 Nc2+ 17. Kf1 Nxa1 18. Kg1 Nc2 19. Nf1 Ne7 20. Bd2 Nc6 21.
Bc3 Qc7 22. Qd2 N6b4 23. g4 Qxa5 24. g5 Qa2 25. gxf6 gxf6 26. Nxe5 fxe5 27.
Bxe5+ Bd6 28. Bxh8 Rxh8 29. Qh6 Be5 30. Qe6 Nc6 31. f4 N2d4 32. Qf7 Ne2+ 33.
Kf2 Nxf4 34. Bf3 Qxb2+ 35. Kg3 Nd8 36. Qxf4 Rg8+ 37. Bg4 Bxf4+ 0-1

[Event "Mechanics' Summer TNM; 30/90, SD/30"]
[Site "San Francisco"]
[Date "2013.05.28"]
[Round "1.2"]
[White "Hakobyan, Sos"]
[Black "Winslow, Elliott"]
[Result "0-1"]
[WhiteElo "1765"]
[BlackElo "2281"]
[PlyCount "88"]
[EventDate "2013.??.??"]

1. e4 c5 2. Nf3 d6 3. d4 cxd4 4. Qxd4 a6 5. Nc3 Nc6 6. Qd3 Nf6 7. Bg5 e6 8. e5
dxe5 9. Qxd8+ Kxd8 10. O-O-O+ Kc7 11. Bxf6 gxf6 12. h4 Be7 13. Nh2 f5 14. g3 b5
15. Be2 h5 16. Nf3 Bb7 17. Ng5 Bxg5+ 18. hxg5 Nd4 19. Rh4 Nxe2+ 20. Nxe2 Bf3
21. Re1 Kd6 22. Ng1 Bd5 23. Re3 a5 24. a4 b4 25. Ne2 Rac8 26. f4 Be4 27. c3 b3
28. fxe5+ Kxe5 29. Nd4 Rc4 30. Nf3+ Kd5 31. Nd2 Rxa4 32. Rd3+ Kc5 33. Nxe4+
Rxe4 34. Rd7 Rg8 35. Rxh5 a4 36. Rxf7 Re1+ 37. Kd2 a3 38. Rhh7 axb2 39. Rc7+
Kd5 40. Rhd7+ Ke4 41. Rc4+ Kf3 42. Rf4+ Kxg3 43. Rb4 b1=Q 44. Rd3+ Kg2 0-1

[Event "Mechanics' Summer TNM; 30/90, SD/30"]
[Site "San Francisco"]
[Date "2013.07.16"]
[Round "8.18"]
[White "Hakobyan, Sos"]
[Black "Zhao, Audrey"]
[Result "1/2-1/2"]
[WhiteElo "1765"]
[BlackElo "1801"]
[PlyCount "107"]
[EventDate "2013.??.??"]

1. e4 c5 2. Nf3 d6 3. d3 Nf6 4. g3 Nc6 5. Bg2 e6 6. Nbd2 a6 7. a4 Rb8 8. O-O
Be7 9. Re1 Qc7 10. c3 b5 11. Nf1 Nd7 12. Qe2 Bf6 13. Bg5 Bxg5 14. Nxg5 h6 15.
Nf3 O-O 16. axb5 axb5 17. Rac1 Bb7 18. h4 d5 19. Qd2 c4 20. exd5 exd5 21. d4
Nf6 22. Ne5 Rfe8 23. Qf4 Nxe5 24. Rxe5 Rxe5 25. Qxe5 Qxe5 26. dxe5 Nd7 27. f4
Nc5 28. Ra1 d4 29. Bxb7 Rxb7 30. cxd4 Nd3 31. Rb1 Rd7 32. Ne3 Rxd4 33. Nf5 Rd8
34. Nd6 Rb8 35. Kg2 f6 36. exf6 gxf6 37. Kf3 Rb6 38. Nf5 b4 39. Nxh6+ Kh7 40.
Ng4 Nxb2 41. Nxf6+ Rxf6 42. Rxb2 b3 43. Ke4 Rd6 44. Ke5 Rd1 45. f5 c3 46. Rxb3
c2 47. Rb7+ Kh6 48. Rb6+ Kh5 49. g4+ Kxg4 50. Rc6 Re1+ 51. Kf6 c1=Q 52. Rxc1
Rxc1 53. Kg6 Rc6+ 54. f6 1/2-1/2

[Event "Mechanics' Neil Falconer TNM; 30/90, SD"]
[Site "San Francisco"]
[Date "2013.09.24"]
[Round "8.7"]
[White "Handigol, Abhishek"]
[Black "Chernobilskiy, Mikhail"]
[Result "1-0"]
[WhiteElo "2008"]
[BlackElo "1883"]
[PlyCount "43"]
[EventDate "2013.??.??"]

1. e4 e5 2. d4 exd4 3. c3 dxc3 4. Bc4 cxb2 5. Bxb2 Bb4+ 6. Nc3 Qe7 7. Nge2 Nf6
8. O-O O-O 9. Qb3 Nc6 10. Nd5 Nxd5 11. Bxd5 Bd6 12. f4 Bc5+ 13. Kh1 Kh8 14. Qg3
f6 15. e5 f5 16. Rac1 Nb4 17. Bb3 d5 18. a3 Nc6 19. Nc3 Nd4 20. Nxd5 Qf7 21.
Rxc5 Nxb3 22. Rxc7 1-0

[Event "Mechanics' Summer TNM; 30/90, SD/30"]
[Site "San Francisco"]
[Date "2013.07.09"]
[Round "7.12"]
[White "Handigol, Abhishek"]
[Black "Delmonico, Nils"]
[Result "1-0"]
[WhiteElo "2002"]
[BlackElo "1874"]
[PlyCount "67"]
[EventDate "2013.??.??"]

1. e4 c5 2. b4 cxb4 3. d4 d5 4. exd5 Qxd5 5. Nf3 Nc6 6. c4 Qa5 7. d5 Nb8 8. Bb2
Nf6 9. Bd3 e6 10. O-O Be7 11. Re1 O-O 12. d6 Bd8 13. Qc2 Na6 14. Re5 Nc5 15.
Nbd2 b6 16. a3 Qa4 17. axb4 Qxc2 18. Bxc2 Ncd7 19. Rg5 Bb7 20. Ba4 h6 21. Rg3
g6 22. Rc1 Rc8 23. Bd4 Bc6 24. Bxc6 Rxc6 25. c5 bxc5 26. bxc5 Bb6 27. Nb3 Rfc8
28. Bxf6 Nxf6 29. Ne5 Rxc5 30. Nxc5 Bxc5 31. Nd3 Bxf2+ 32. Kxf2 Ne4+ 33. Ke3
Rxc1 34. d7 1-0

[Event "Mechanics' Neil Falconer TNM; 30/90, SD"]
[Site "San Francisco"]
[Date "2013.09.03"]
[Round "5.14"]
[White "Handigol, Abhishek"]
[Black "Flores, David"]
[Result "1-0"]
[WhiteElo "2008"]
[BlackElo "1641"]
[PlyCount "57"]
[EventDate "2013.??.??"]

1. e4 e5 2. d4 (2. Nf3 d5 $1) 2... exd4 3. c3 d3 (3... dxc3) (3... d5 4. exd5
Nf6) 4. Nf3 Nc6 5. Bxd3 Bd6 6. O-O Nge7 7. Be3 O-O 8. Nbd2 Ng6 9. Nc4 Be7 10.
Qc2 d6 11. Rad1 Bg4 12. Be2 Bxf3 13. Bxf3 b5 $2 (13... Bg5 $16) 14. e5 $1 Ncxe5
(14... bxc4 15. Bxc6 Nxe5 16. Bxa8 Qxa8) 15. Nxe5 Nxe5 16. Bxa8 Qxa8 17. Rfe1
Bf6 18. Qf5 a6 19. Bd4 Qc8 20. Qe4 (20. Qxc8 Rxc8 21. a4) 20... c5 21. Bxe5 (
21. Be3 Nc4 22. Bc1) 21... dxe5 22. h3 Qc7 23. Rd5 a5 24. Qe3 Rc8 25. f4 $1 Qc6
26. Qe4 Qb6 (26... exf4 27. Rd8+) 27. fxe5 Be7 28. Rd7 Re8 29. Rxe7 1-0

[Event "Mechanics' Summer TNM; 30/90, SD/30"]
[Site "San Francisco"]
[Date "2013.06.25"]
[Round "5.13"]
[White "Handigol, Abhishek"]
[Black "Salvo, Tab"]
[Result "1-0"]
[WhiteElo "2002"]
[BlackElo "1668"]
[Annotator "Donaldson"]
[PlyCount "67"]
[EventDate "2013.??.??"]

1. e4 c5 2. b4 cxb4 3. d4 e6 4. Nf3 g6 5. Bd3 Bg7 6. O-O Ne7 7. Be3 O-O 8. Nbd2
Nbc6 9. Nb3 b6 10. Qd2 d5 11. e5 a5 12. Rad1 (12. Bg5 f6 13. exf6 Bxf6 14. Bxf6
Rxf6 15. Rfe1) 12... Ba6 13. Bh6 Nf5 14. Bxg7 Kxg7 15. g4 Nh4 16. Qe2 Nxf3+ 17.
Qxf3 a4 18. Bxa6 Rxa6 19. Qe2 Qc8 20. Nc1 Ra8 21. Rd3 Qd8 22. f4 (22. Rh3 f5
23. exf6+ Qxf6) 22... h6 (22... f5) 23. f5 exf5 24. gxf5 gxf5 25. Rxf5 Ne7 26.
Rg3+ Ng6 27. Qh5 Qe8 28. Rf6 Rh8 29. Qf5 $1 Ra7 30. e6 Rg8 31. exf7 Qe1+ 32.
Kg2 Qe4+ 33. Qxe4 dxe4 34. Rgxg6+ 1-0

[Event "Mechanics' Summer TNM; 30/90, SD/30"]
[Site "San Francisco"]
[Date "2013.06.11"]
[Round "3.7"]
[White "Handigol, Abhishek"]
[Black "Winslow, Elliott"]
[Result "0-1"]
[WhiteElo "2002"]
[BlackElo "2281"]
[PlyCount "74"]
[EventDate "2013.??.??"]

1. e4 c5 2. b4 cxb4 3. d4 Nf6 4. Bd3 d5 5. e5 Ne4 6. Qe2 Nc6 7. Bb2 f5 8. Nh3
e6 9. O-O Be7 10. a3 O-O 11. axb4 Nxb4 12. f4 Bd7 13. Na3 Rc8 14. Bxe4 dxe4 15.
Nf2 b5 16. c3 Nd5 17. Nd1 Qb6 18. Nc2 a5 19. Nce3 b4 20. c4 Nxe3 21. Nxe3 a4
22. Rfd1 a3 23. Bc1 Ba4 24. Rd2 Rfd8 25. c5 Qb5 26. Qf2 Bb3 27. Qg3 Bc4 28. Nc2
Bd3 29. Qf2 Qc4 30. Rb1 Bxc2 31. Rxc2 Qxd4 32. Be3 Qd1+ 33. Rxd1 Rxd1+ 34. Qf1
Rxf1+ 35. Kxf1 b3 36. Rc4 b2 37. Rb4 a2 0-1

[Event "Mechanics' Fall TNM; 30/90, SD/30"]
[Site "San Francisco"]
[Date "2013.12.10"]
[Round "8.30"]
[White "Harris, Clarence"]
[Black "Allen, Tom"]
[Result "0-1"]
[WhiteElo "1314"]
[BlackElo "1580"]
[PlyCount "114"]
[EventDate "2013.??.??"]

1. e4 e5 2. Nf3 Nc6 3. Bb5 f5 4. Nc3 fxe4 5. Nxe4 d5 6. Bxc6+ bxc6 7. Ng3 Bg4
8. Ne2 Bxf3 9. gxf3 Nf6 10. d3 Bc5 11. Ng3 O-O 12. Be3 Bb6 13. Qd2 Qd7 14.
O-O-O c5 15. Bg5 Qa4 16. a3 Ba5 17. Qe2 Rae8 18. Nf5 Rf7 19. Rhg1 Nh5 20. Ne3
Nf4 21. Qf1 Qd7 22. Rg3 Ne6 23. Qg2 Nd4 24. Rg4 Ne2+ 25. Kb1 Nf4 26. Qg3 Ng6
27. h4 h5 28. Rg1 hxg4 29. Nxg4 Kh8 30. h5 Nf4 31. h6 Nh5 32. hxg7+ Rxg7 33.
Qh4 Qf7 34. Bf6 Reg8 35. Rh1 Kh7 36. Bxg7 Kxg7 37. Nxe5 Qe8 38. Rg1+ Kf8 39.
Rxg8+ Kxg8 40. Qg5+ Ng7 41. f4 c6 42. Ng4 Bd8 43. Nf6+ Bxf6 44. Qxf6 d4 45. Qe5
Qxe5 46. fxe5 Kf7 47. f4 Ke6 48. c3 a5 49. cxd4 cxd4 50. b3 c5 51. Kc2 Kf5 52.
b4 cxb4 53. axb4 axb4 54. Kb3 Kxf4 55. Kxb4 Kxe5 56. Kc4 Ne6 57. Kb5 Kf4 0-1

[Event "Mechanics' Fall TNM; 30/90, SD/30"]
[Site "San Francisco"]
[Date "2013.10.29"]
[Round "2.21"]
[White "Harris, Clarence"]
[Black "Campers Jr, Willie"]
[Result "0-1"]
[WhiteElo "1314"]
[BlackElo "1782"]
[Annotator "Donaldson"]
[PlyCount "46"]
[EventDate "2013.??.??"]

1. e4 e6 2. d3 d5 3. Nd2 c5 4. Ngf3 Nc6 5. g3 Nf6 6. Bg2 Be7 7. O-O O-O 8. Re1
Qb6 9. e5 Nd7 10. h4 f6 11. exf6 Nxf6 12. Bh3 Nd4 13. Nxd4 cxd4 14. Nf3 Bb4 15.
Re5 Bd7 16. a3 Be7 17. Qe2 Bd6 18. Rg5 Bc7 19. Ne5 h6 20. Nxd7 Nxd7 21. Bxe6+
Kh8 22. Rf5 Rad8 23. Qf3 $4 (23. Bxd7 $18) 23... Qxe6 0-1

[Event "Mechanics' Fall TNM; 30/90, SD/30"]
[Site "?"]
[Date "2013.10.29"]
[Round "2"]
[White "Harris, Clarence"]
[Black "Campers Jr, Willie"]
[Result "0-1"]
[WhiteElo "1314"]
[BlackElo "1782"]
[PlyCount "46"]
[EventDate "10.??.??"]

1. e4 e6 2. d3 d5 3. Nd2 c5 4. Ngf3 Nc6 5. g3 Nf6 6. Bg2 Be7 7. O-O O-O 8. Re1
Qb6 9. e5 Nd7 10. h4 f6 11. exf6 Nxf6 12. Bh3 Nd4 13. Nxd4 cxd4 14. Nf3 Bb4 15.
Re5 Bd7 16. a3 Be7 17. Qe2 Bd6 18. Rg5 Bc7 19. Ne5 h6 20. Nxd7 Nxd7 21. Bxe6+
Kh8 22. Rf5 Rae8 23. Qf3 Qxe6 0-1

[Event "Mechanics' Fall TNM; 30/90, SD/30"]
[Site "San Francisco"]
[Date "2013.12.03"]
[Round "7.28"]
[White "Harris, Clarence"]
[Black "Casares Jr, Nick"]
[Result "0-1"]
[WhiteElo "1314"]
[BlackElo "1600"]
[PlyCount "50"]
[EventDate "2013.??.??"]

1. e4 e5 2. Nf3 Nc6 3. Bb5 Nf6 4. Nc3 a6 5. Bxc6 dxc6 6. O-O Bc5 7. d3 Bg4 8.
h3 Bh5 9. Qe2 Qd7 10. Bd2 O-O-O 11. Nd1 h6 12. Be3 Bd4 13. Re1 g5 14. Bxd4 exd4
15. g4 Nxg4 16. hxg4 Qxg4+ 17. Kh2 Qf4+ 18. Kg2 Qg4+ 19. Kh2 Qxf3 20. Qxf3 Bxf3
21. c3 c5 22. c4 h5 23. Rg1 g4 24. Kg3 h4+ 25. Kf4 h3 0-1